[Event "International Tournament "]
[Site "Pool "]
[Date "2021.07.12"]
[Round "4.28"]
[White "Radovanovic, Nikola"]
[Black "Antova, Gabriela"]
[Result "1/2-1/2"]
[WhiteElo "2395"]
[BlackElo "2241"]
[Annotator "Balkanchess"]
[PlyCount "49"]
[EventDate "2021.07.09"]

1. e4 c5 2. Nf3 d6 3. d4 cxd4 4. Nxd4 Nf6 5. Nc3 a6 6. Be2 e6 7. Be3 Qc7 8. g4
h6 9. f4 d5 10. exd5 Nxd5 11. Nxd5 exd5 12. Qd2 Nd7 13. O-O-O Nf6 14. f5 Bd6
15. Bf3 Bd7 16. Qg2 O-O-O 17. Kb1 Rhe8 18. Bc1 Re7 19. Bxd5 Nxd5 20. Qxd5 Ba4
21. Qf3 Be5 22. Qc3 Bxd4 23. Rxd4 Rxd4 24. Qxd4 Qxc2+ 25. Ka1 {...50} 1/2-1/2

[Event "International Tournament "]
[Site "Pool "]
[Date "2021.07.12"]
[Round "4.29"]
[White "Tsaknakis, Zisis"]
[Black "Nugumanov, Bakhtiyar"]
[Result "0-1"]
[WhiteElo "2236"]
[BlackElo "2375"]
[PlyCount "86"]
[EventDate "2021.07.09"]

1. Nf3 Nf6 2. c4 e6 3. g3 d5 4. Bg2 Be7 5. O-O O-O 6. d4 c6 7. b3 b6 8. Bb2 Ba6
9. Nbd2 Nbd7 10. Qb1 Rc8 11. e4 c5 12. Rd1 cxd4 13. e5 Ng4 14. Bxd4 dxc4 15.
Qe4 Nh6 16. Bf1 Rc7 17. Nxc4 Bb7 18. Qe2 Qa8 19. Bg2 Rfc8 20. Ne1 Bxg2 21. Nxg2
Nf5 22. Bb2 b5 23. Nce3 Nxe3 24. Nxe3 Qb7 25. Qg4 Nf8 26. h4 Bc5 27. Bd4 Bxd4
28. Rxd4 Rc5 29. Rad1 Rxe5 30. b4 Qe7 31. Rd6 f5 32. Qe2 h6 33. Qb2 Re4 34. Qb3
f4 35. Nf5 Qf7 36. Nd4 fxg3 37. fxg3 Qg6 38. Qf3 Rg4 39. Ne2 Qf5 40. Qb7 Rc3
41. R6d2 Rf3 42. Qxa7 Rfxg3+ 43. Nxg3 Rxg3+ 0-1

[Event "International Tournament "]
[Site "Pool "]
[Date "2021.07.12"]
[Round "4.30"]
[White "Vatsal, Singhania"]
[Black "Ivic, Matija"]
[Result "1-0"]
[WhiteElo "2371"]
[BlackElo "2226"]
[PlyCount "69"]
[EventDate "2021.07.09"]

1. e4 c5 2. Nf3 Nc6 3. d4 cxd4 4. Nxd4 g6 5. Nc3 Bg7 6. Nb3 Nf6 7. Be2 O-O 8.
O-O d6 9. Re1 b6 10. Bf1 Bb7 11. Bg5 Rc8 12. Nd5 e6 13. Nc3 a6 14. a4 Qc7 15.
f4 h6 16. Bh4 d5 17. exd5 Nxd5 18. Nxd5 exd5 19. f5 Qf4 20. Bf2 Qxf5 21. Bxb6
Bxb2 22. Rb1 Be5 23. Bd3 Qf6 24. Nc5 Bd4+ 25. Kh1 Nb8 26. Ne6 Bxb6 27. Rxb6
Rfe8 28. Rxb7 Rxe6 29. Rf1 Qg7 30. Qf3 Rf8 31. Qxd5 Rf6 32. Rbb1 Re6 33. Bc4
Rf6 34. h3 h5 35. Qb7 1-0

[Event "International Tournament "]
[Site "Pool "]
[Date "2021.07.12"]
[Round "4.31"]
[White "Ilijic, Mihajilo"]
[Black "Pranav, V."]
[Result "0-1"]
[WhiteElo "2058"]
[BlackElo "2366"]
[PlyCount "54"]
[EventDate "2021.07.09"]

1. e4 e5 2. Nf3 Nc6 3. Bb5 a6 4. Ba4 Nf6 5. Nc3 b5 6. Bb3 Bc5 7. O-O d6 8. Nd5
h6 9. Nxf6+ Qxf6 10. Bd5 Bd7 11. c3 Rb8 12. d4 Bb6 13. Be3 Ne7 14. Bb3 Bc6 15.
Qd3 O-O 16. Nd2 Ng6 17. g3 Ba8 18. f4 exd4 19. cxd4 c5 20. e5 dxe5 21. fxe5 Qc6
22. d5 Qe8 23. e6 c4 24. Bxb6 cxd3 25. exf7+ Rxf7 26. d6 Qc6 27. Bxf7+ Kh7 0-1

[Event "International Tournament "]
[Site "Pool "]
[Date "2021.07.12"]
[Round "4.32"]
[White "Gurel, Ediz"]
[Black "Ljepic, Andrej"]
[Result "1-0"]
[WhiteElo "2346"]
[BlackElo "2136"]
[PlyCount "57"]
[EventDate "2021.07.09"]

1. e4 e6 2. d4 d5 3. Nd2 dxe4 4. Nxe4 Nd7 5. Nf3 Ngf6 6. Nxf6+ Nxf6 7. Bd3 c5
8. Bg5 Be7 9. dxc5 Bxc5 10. Qe2 O-O 11. O-O-O Qc7 12. Bxf6 Qf4+ 13. Nd2 gxf6
14. Bxh7+ Kg7 15. Bd3 f5 16. Rhf1 b6 17. g3 Qh6 18. g4 fxg4 19. Qxg4+ Kf6 20.
Qf3+ Ke7 21. Qxa8 Bd7 22. Qf3 Rc8 23. Kb1 Bc6 24. Qe2 Qxh2 25. Nb3 Bd6 26. Nd4
Qe5 27. Qxe5 Bxe5 28. Nxc6+ Rxc6 29. f4 1-0

[Event "International Tournament "]
[Site "Pool "]
[Date "2021.07.12"]
[Round "4.33"]
[White "Kamalidenova, Meruert"]
[Black "Galiev, Ernest"]
[Result "1-0"]
[WhiteElo "2334"]
[BlackElo "1669"]
[Annotator "Balkanchess"]
[PlyCount "51"]
[EventDate "2021.07.09"]

1. e4 c5 2. c3 d6 3. d4 cxd4 4. cxd4 Nf6 5. Nc3 g6 6. Nf3 Bg7 7. Be2 O-O 8. O-O
Nbd7 9. h3 e5 10. Be3 a6 11. a4 h6 12. a5 Qe7 13. dxe5 dxe5 14. Qb3 Nb8 15.
Rfd1 Nc6 16. Bc4 Be6 17. Bxe6 fxe6 18. Na4 Nd4 19. Nxd4 exd4 20. Rxd4 Nh5 21.
Rdd1 Nf4 22. Nc5 Be5 23. Bxf4 Rxf4 24. Nxe6 Rf7 25. Nd4 Kg7 26. Nf3 {...36} 1-0

[Event "International Tournament "]
[Site "Pool "]
[Date "2021.07.12"]
[Round "4.34"]
[White "Ciric, Pavle"]
[Black "Samadov, Read"]
[Result "0-1"]
[WhiteElo "2078"]
[BlackElo "2332"]
[PlyCount "94"]
[EventDate "2021.07.09"]

1. e4 c5 2. Nf3 d6 3. d4 cxd4 4. Qxd4 Nc6 5. Bb5 a6 6. Bxc6+ bxc6 7. c4 e5 8.
Qd3 Ne7 9. Nc3 Ng6 10. Bg5 f6 11. Be3 Be7 12. Rd1 Be6 13. c5 dxc5 14. Qc2 Qa5
15. O-O Rb8 16. Na4 c4 17. Nd2 Rb4 18. Nc3 O-O 19. a3 Rb7 20. Na4 Qb5 21. Rb1
Nf4 22. Nc3 Qa5 23. Bxf4 exf4 24. Ne2 Qe5 25. Nxc4 Qg5 26. b4 f3 27. Ng3 h5 28.
Ne3 Rc8 29. Ngf5 fxg2 30. Nxg2 Bf8 31. f4 Qg6 32. Nfh4 Qe8 33. f5 Bf7 34. Nf4
c5 35. Rbc1 Rbc7 36. Nfg6 Bd6 37. Rfd1 cxb4 38. Qd2 Rxc1 39. Qxd6 Rxd1+ 40.
Qxd1 Qxe4 41. axb4 Bxg6 42. Nxg6 Re8 43. Qxh5 Qe1+ 44. Kg2 Re2+ 45. Kh3 Qf1+
46. Kg3 Rg2+ 47. Kh3 Rg5+ 0-1

[Event "International Tournament "]
[Site "Pool "]
[Date "2021.07.12"]
[Round "4.35"]
[White "Spasic, Petar"]
[Black "Suleymanli, Aydin"]
[Result "0-1"]
[WhiteElo "2227"]
[BlackElo "2563"]
[PlyCount "70"]
[EventDate "2021.07.09"]

1. c4 e5 2. Nc3 Nc6 3. b3 a6 4. Bb2 Bc5 5. e3 Nf6 6. a3 d6 7. Qc2 O-O 8. Nf3
Ne8 9. Nd5 Ba7 10. O-O-O f5 11. d4 e4 12. Nd2 Ne7 13. Nxe7+ Qxe7 14. g4 c6 15.
gxf5 d5 16. f4 exf3 17. Bd3 Qxe3 18. Rde1 Qf4 19. c5 Bxf5 20. Rhf1 f2 21. Re7
Bxd3 22. Qxd3 Nf6 23. Qe2 Ng4 24. Qe6+ Kh8 25. Qd7 Nf6 26. Qxb7 Ne4 27. Rxe4
dxe4 28. d5 Qf7 29. Qxf7 Rxf7 30. Nxe4 cxd5 31. Nd2 Re7 32. Rxf2 Bxc5 33. Rf6
gxf6 34. Bxf6+ Kg8 35. Bxe7 Bxe7 0-1

[Event "International Tournament "]
[Site "Pool "]
[Date "2021.07.12"]
[Round "4.36"]
[White "Toncheva, Nadya"]
[Black "Iskandarov, Misratdin"]
[Result "0-1"]
[WhiteElo "2201"]
[BlackElo "2533"]
[PlyCount "64"]
[EventDate "2021.07.09"]

1. e4 e5 2. Nf3 Nc6 3. Bb5 Nf6 4. O-O Nxe4 5. Re1 Nd6 6. Nxe5 Nxe5 7. Rxe5+ Be7
8. Bf1 O-O 9. d4 Bf6 10. Re1 Nf5 11. c3 d5 12. Bf4 Nd6 13. Nd2 c6 14. Bd3 Be6
15. Nf3 Bg4 16. Bc2 Bh5 17. a4 a5 18. h3 Nc4 19. b3 Nd6 20. Re3 Rc8 21. Qe2 Bg6
22. Bxg6 hxg6 23. g4 Ne4 24. Ne5 c5 25. Rd1 Re8 26. f3 Ng5 27. Bg3 cxd4 28.
Rxd4 Ne6 29. Rd1 Bg5 30. Red3 Nf4 31. Bxf4 Bxf4 32. Rxd5 Qc7 0-1

[Event "International Tournament "]
[Site "Pool "]
[Date "2021.07.12"]
[Round "4.37"]
[White "Mohammad, Nubairshah Shaikh"]
[Black "Sharma, Isha"]
[Result "1-0"]
[WhiteElo "2436"]
[BlackElo "2213"]
[PlyCount "59"]
[EventDate "2021.07.09"]

1. d4 Nf6 2. c4 g6 3. Nc3 Bg7 4. e4 d6 5. Nf3 O-O 6. Be2 e5 7. O-O Nc6 8. d5
Ne7 9. b4 Nh5 10. Re1 f5 11. Ng5 Nf6 12. f3 Kh8 13. Rb1 h6 14. Ne6 Bxe6 15.
dxe6 Nc6 16. Nd5 Re8 17. exf5 gxf5 18. Bd3 Nxd5 19. cxd5 Ne7 20. Bc2 c6 21.
dxc6 bxc6 22. g4 f4 23. Qd3 Kg8 24. b5 Rb8 25. Ba3 Qb6+ 26. Kh1 c5 27. g5 h5
28. Qh7+ Kf8 29. Qxh5 Kg8 30. Bh7+ 1-0

[Event "International Tournament "]
[Site "Pool "]
[Date "2021.07.12"]
[Round "4.38"]
[White "Radisavljevic, Dalibor"]
[Black "Milosevic, Milos"]
[Result "1/2-1/2"]
[WhiteElo "2186"]
[BlackElo "2396"]
[Annotator "Balkanchess"]
[PlyCount "42"]
[EventDate "2021.07.09"]

1. e4 c5 2. Nf3 d6 3. d4 cxd4 4. Nxd4 Nf6 5. Nc3 a6 6. Bg5 e6 7. f4 h6 8. Bxf6
Qxf6 9. Qd2 Nc6 10. Nf3 Qd8 11. O-O-O Qc7 12. f5 Be7 13. fxe6 fxe6 14. Qf4 Ne5
15. Kb1 Bd7 16. Nxe5 dxe5 17. Qg4 O-O 18. Bc4 Qxc4 19. Rxd7 Bg5 20. Rhd1 b5 21.
h4 Bf6 {...42} 1/2-1/2

[Event "International Tournament "]
[Site "Pool "]
[Date "2021.07.12"]
[Round "4.39"]
[White "Zhukov, Anton"]
[Black "Bhambure, Shantanu"]
[Result "0-1"]
[WhiteElo "2174"]
[BlackElo "2391"]
[Annotator "Balkanchess"]
[PlyCount "26"]
[EventDate "2021.07.09"]

1. e4 c5 2. Nf3 d6 3. d4 cxd4 4. Qxd4 Nf6 5. Bb5+ Bd7 6. c4 a6 7. Bxd7+ Nbxd7
8. O-O g6 9. Nc3 Bg7 10. b3 O-O 11. Bb2 Nc5 12. b4 Ne6 13. Qd1 Re8 {...50} 0-1

[Event "International Tournament "]
[Site "Pool "]
[Date "2021.07.12"]
[Round "4.40"]
[White "Rowe, Duane"]
[Black "Souhardo, Basak"]
[Result "0-1"]
[WhiteElo "2157"]
[BlackElo "2364"]
[PlyCount "76"]
[EventDate "2021.07.09"]

1. e4 c5 2. Nf3 d6 3. d4 cxd4 4. Nxd4 Nf6 5. Nc3 a6 6. g3 e5 7. Nde2 Be7 8. Bg2
b5 9. h3 Nbd7 10. g4 b4 11. Nd5 Nxd5 12. exd5 a5 13. O-O h5 14. gxh5 Rxh5 15.
Nf4 Rh4 16. Nh5 Nf6 17. Nxg7+ Kf8 18. Qf3 Kxg7 19. Qg3+ Ng4 20. f3 Qb6+ 21. Kh1
Ba6 22. fxg4 Bxf1 23. Bxf1 Qd4 24. c3 bxc3 25. bxc3 Qxd5+ 26. Bg2 Qd1+ 27. Kh2
Qc2 28. Kg1 Rc8 29. Be3 Rxc3 30. Qe1 Qd3 31. Bd2 Qd4+ 32. Qf2 Qxf2+ 33. Kxf2
Rc2 34. Ke1 Bg5 35. Rd1 Rxd2 36. Rxd2 Bxd2+ 37. Kxd2 f5 38. gxf5 Kf6 0-1

[Event "International Tournament "]
[Site "Pool "]
[Date "2021.07.12"]
[Round "4.41"]
[White "Baglan, Esat"]
[Black "Ojas, Kulkarni"]
[Result "1-0"]
[WhiteElo "2359"]
[BlackElo "2216"]
[PlyCount "39"]
[EventDate "2021.07.09"]

1. e4 c5 2. Nf3 Nc6 3. Bb5 e5 4. O-O Bd6 5. c3 a6 6. Ba4 Nge7 7. d4 exd4 8.
cxd4 cxd4 9. Nxd4 O-O 10. Nf3 Bc5 11. Nc3 d6 12. h3 Be6 13. Bb3 Qd7 14. Re1 Na5
15. Bc2 Nc4 16. Qd3 Nc6 17. e5 g6 18. Ne4 Kh8 19. Nf6 Qe7 20. Qe4 1-0

[Event "International Tournament "]
[Site "Pool "]
[Date "2021.07.12"]
[Round "4.44"]
[White "Gunduz, Umut Erdem"]
[Black "Ramoutar, Alan-Safar"]
[Result "1-0"]
[WhiteElo "2131"]
[BlackElo "2344"]
[PlyCount "61"]
[EventDate "2021.07.09"]

1. e4 c6 2. d4 d5 3. Nd2 dxe4 4. Nxe4 Nf6 5. Nxf6+ exf6 6. c3 Bd6 7. Bd3 O-O 8.
Qc2 Re8+ 9. Ne2 h5 10. O-O h4 11. h3 Nd7 12. Bf4 Nf8 13. Bxd6 Qxd6 14. Rad1 Be6
15. c4 Rad8 16. Nc3 Qxd4 17. Bh7+ Nxh7 18. Rxd4 Rxd4 19. b3 Red8 20. Rd1 c5 21.
Rxd4 cxd4 22. Qd3 g6 23. Nd5 Bxd5 24. Qxd4 a6 25. f4 Kg7 26. cxd5 Nf8 27. Qc5
Rd7 28. Kf2 Nh7 29. d6 Nf8 30. Qc7 f5 31. Ke3 1-0

[Event "International Tournament "]
[Site "Pool "]
[Date "2021.07.12"]
[Round "4.45"]
[White "Mamedov, Edgar"]
[Black "Ozenir, Ekin Baris"]
[Result "0-1"]
[WhiteElo "2129"]
[BlackElo "2331"]
[Annotator "Balkanchess"]
[PlyCount "47"]
[EventDate "2021.07.09"]

1. d4 Nf6 2. c4 e6 3. Nf3 b6 4. g3 Bb7 5. Bg2 g6 6. Nc3 Bg7 7. d5 exd5 8. cxd5
O-O 9. O-O Re8 10. Re1 Na6 11. e4 d6 12. Bf4 Nc5 13. Qc2 a5 14. Rad1 h6 15. h3
Qe7 16. g4 Qf8 17. Nd4 Nxd5 18. exd5 Rxe1+ 19. Rxe1 Bxd4 20. Nb5 Bf6 21. Nxc7
Rc8 22. Nb5 Ne6 23. Qd2 Nxf4 24. Qxf4 {...47} 0-1

[Event "International Tournament "]
[Site "Pool "]
[Date "2021.07.12"]
[Round "4.46"]
[White "Balabayeva, Xeniya"]
[Black "Nogerbek, Kazybek"]
[Result "0-1"]
[WhiteElo "2116"]
[BlackElo "2328"]
[PlyCount "92"]
[EventDate "2021.07.09"]

1. e4 c5 2. Nf3 Nc6 3. Bb5 e6 4. O-O Nge7 5. d4 cxd4 6. Nxd4 Qb6 7. Bxc6 dxc6
8. Nc3 e5 9. Nb3 Ng6 10. Be3 Qc7 11. Qe2 Be7 12. Rad1 O-O 13. Qc4 Be6 14. Nd5
Qd8 15. Nxe7+ Qxe7 16. Qc3 b6 17. a4 Rfd8 18. Rxd8+ Rxd8 19. a5 c5 20. Nd2 f6
21. Ra1 Qd7 22. axb6 axb6 23. f3 Qb5 24. Kf2 Ne7 25. Ra7 Nc6 26. Rc7 Nb4 27.
Ra7 Rc8 28. b3 Nc6 29. Ra4 Na5 30. h4 h5 31. Ra1 Rd8 32. Ra4 Rd7 33. Ke1 Kf7
34. Ra1 Nc6 35. Ra4 Nb4 36. Ra8 Nd3+ 37. Kf1 Nb2+ 38. Nc4 Nd1 39. Qe1 Bxc4+ 40.
bxc4 Qxc4+ 41. Kg1 Qxc2 42. Rb8 Nxe3 43. Qxe3 Rd2 44. Rb7+ Kg8 45. Rxb6 Rxg2+
46. Kf1 Kh7 0-1

[Event "International Tournament "]
[Site "Pool "]
[Date "2021.07.12"]
[Round "4.47"]
[White "Stankovic, Milos M"]
[Black "Pavlov, Mark"]
[Result "0-1"]
[WhiteElo "2327"]
[BlackElo "2195"]
[PlyCount "54"]
[EventDate "2021.07.09"]

1. d4 Nf6 2. c4 c5 3. d5 e6 4. Nc3 exd5 5. cxd5 d6 6. e4 g6 7. f4 Bg7 8. Bb5+
Nfd7 9. a4 Qh4+ 10. g3 Qe7 11. Qe2 O-O 12. Nf3 Re8 13. Nd2 Bd4 14. Bd3 Nf6 15.
Nb5 Bg4 16. Qg2 Nxd5 17. Nxd4 cxd4 18. h3 Bf5 19. Kf2 Nc6 20. Qf3 Ndb4 21. Bb1
d3 22. Ra3 Nd4 23. Qg2 d5 24. e5 Ne2 25. Bxd3 Bxd3 26. Rxd3 Nxf4 27. gxf4 Nxd3+
0-1

[Event "International Tournament "]
[Site "Pool "]
[Date "2021.07.12"]
[Round "4.48"]
[White "Kolbert, Engelbert"]
[Black "Vetokhin, Savva"]
[Result "0-1"]
[WhiteElo "2113"]
[BlackElo "2324"]
[PlyCount "64"]
[EventDate "2021.07.09"]

1. e4 c5 2. Nf3 Nc6 3. d4 cxd4 4. Nxd4 Nf6 5. Nc3 d6 6. Be2 e5 7. Nb3 Be7 8.
O-O O-O 9. Be3 Be6 10. Bf3 a5 11. a4 Nb4 12. h3 Rc8 13. Qd2 d5 14. exd5 Nfxd5
15. Bxd5 Nxd5 16. Nxd5 Qxd5 17. Rfc1 Qxd2 18. Bxd2 b6 19. Be3 Rc6 20. Nd2 f5
21. Nf3 Bf6 22. c3 f4 23. Bd2 Rd8 24. Be1 Rcd6 25. Rc2 Rd1 26. Rxd1 Rxd1 27.
Rd2 Ra1 28. Kh2 e4 29. Re2 Bd5 30. Nd2 f3 31. gxf3 exf3 32. Re3 Bg5 0-1

[Event "International Tournament "]
[Site "Pool "]
[Date "2021.07.12"]
[Round "4.49"]
[White "Pasti, Aron"]
[Black "Efremov, Vladislav"]
[Result "1/2-1/2"]
[WhiteElo "2318"]
[BlackElo "2173"]
[PlyCount "45"]
[EventDate "2021.07.09"]

1. e4 e5 2. Nf3 Nc6 3. Bb5 a6 4. Ba4 f5 5. d4 exd4 6. Bxc6 dxc6 7. Nxd4 Nf6 8.
exf5 Qe7+ 9. Qe2 Qxe2+ 10. Kxe2 Bc5 11. Ne6 Bxe6 12. fxe6 O-O 13. Be3 Bxe3 14.
fxe3 Rfe8 15. Nc3 Rxe6 16. Raf1 Rae8 17. Rf3 Ne4 18. Nd1 Rd6 19. Rf4 h5 20. h3
Nf6 21. Nc3 Nd5 22. Nxd5 cxd5 23. Rd1 1/2-1/2